Państwa, które pokonują Holandię - Statystyki

Ogólne statystyki
  • Ten quiz został rozwiązany 2 775 razy
    2 707 od ostatniego zresetowania
  • Średni wynik to 9 z 17
Statystyki odpowiedzi
Ranga Kategoria Państwo % Poprawnych
4 Geograficznie najbliżej Wielkiej Brytanii Irlandia | Francja | Belgia
99%
3 Najdłuższa granica z Niemcami Austria | Czechy
90%
6 Największa ilość występów w Mistrzostwach Świata FIFA bez tytułu mistrzowskiego Meksyk | Belgia | Szwecja | Szwajcaria | Związek Radziecki (Rosja)
71%
3 Najmniejszy członek-założyciel Unii Europejskiej według powierzchni Luksemburg | Belgia
70%
3 (remis) Najwięcej zwycięstw w Konkursie Piosenki Eurowizji Irlandia | Szwecja
69%
6 Najgęstsza sieć drogowa [2] Monako | Wyspy Marshalla | Malta | Bahrajn | Belgia | San Marino | Singapur | Barbados
65%
2 Najbardziej zaludnione państwo na literę H Hiszpania
60%
11 Najbardziej demokratyczne państwo [3] Norwegia | Islandia | Szwecja | Nowa Zelandia | Finlandia | Irlandia | Kanada | Dania | Australia | Szwajcaria
57%
8 Największa gęstość zaludnienia wśród państw o liczbie ludności > 10 mln Bangladesz | Tajwan | Korea Południowa | Rwanda | Burundi | Indie | Haiti
53%
2 Stolica najbardziej przyjazna rowerzystom [1] Dania
46%
3 Najwększe PKB na mieszkańca wśród państw o liczbie ludności > 10 mln Stany Zjednoczone | Tajwan
40%
4 Największa produkcja sera na mieszkańca (2018) Nowa Zelandia | Dania | Irlandia
38%
6 Największy eksport na mieszkańca (2016) Liechtenstein | Singapur | Belgia | Szwajcaria | Irlandia
28%
3 Właściciel najbardziej wysuniętej na południe karaibskiej wyspy o powierzchni 100 km2 bądź większej Trynidad i Tobago | Wenezuela
22%
2 Najbardziej zaludnione państwo, którego nazwa kończy się na "landia" Tajlandia
21%
2 Stolica o najniższej średniej wysokości
Podpowiedź: #1 znajduje się na morzu śródlądowym
Azerbejdżan
20%
2 Państwo, które uzyskało najwięcej lądu z morza Chiny
14%
Nie znaleziono quizów pasujących do podanych kryteriów
Rozkład punktacji
Procent ludzi z każdym wynikiem
Percentyl według liczby udzielonych odpowiedzi
Twoja historia wyników
Nie rozwiązałeś tego quizu od ostatniego zresetowania